00940nam a2200241 i 450000100060000000300090000600500170001500700030003200800410003508000160007608000170009208000170010910000400012624501710016626000450033730000220038265000420040465000480044665000430049485200220053799900170055995201220057664254ES-MaACL20250831031616.0t|031223s1973 sp |||| | spa d a342.52(460) a342.732(460) a342.728(460)1 aFlórez Estrada, Álvaro.915117310aEn defensa de las Cortes b: con dos apéndices sobre la libertad de imprenta y en defensa de los derechos de reunión y asociación / cÁlvaro Flórez Estrada. a[Madrid] : bMiguel Castellote, c[1973] a168 p. ; c17 cm. 4aLibertad de prensa-zEspaña.91441404aLibertad de asociación-zEspaña.914402 7aPoder legislativo-zEspaña29145756 aES-MaACLjC-55003 c64254d64254 00104070aATENEOMbATENEOMcDEPO2d2008-01-17eSCl0oC-55003p1067334r2023-02-23 00:00:00w2023-02-23yMONOGRAFIA